MARC

LEADER 00000nam0a2200000 4500
001 273811
005 20231101234651.0
035 |a (RuTPU)RU\TPU\book\297021 
090 |a 273811 
100 |a 20141029d1987 k y0rusy50 ca 
101 0 |a rus 
102 |a RU 
105 |a a z 001zy 
200 1 |a Моделирование напряжений методом замораживания деформаций  |f С. Е. Бугаенко 
210 |a Москва  |c Энергоатомиздат  |d 1987 
215 |a 111 с.  |c ил. 
225 1 |a Физика и техника ядерных реакторов  |v Вып. 32 
320 |a Библиогр.: с. 112 
606 1 |a Ядерные реакторы  |x Напряжения температурные  |2 stltpush  |3 (RuTPU)RU\TPU\subj\21657  |9 46613 
610 1 |a оптически-чувствительные материалы 
610 1 |a модели 
610 1 |a замораживание 
610 1 |a результаты 
610 1 |a обработка 
610 1 |a измерения 
675 |a 621.039.517  |v 3 
700 1 |a Бугаенко  |b С. Е.  |g Сергей Евгеньевич 
801 1 |a RU  |b 63413507  |c 20141029 
801 2 |a RU  |b 63413507  |c 20170116  |g RCR 
942 |c BK